Statistics for Countries Without Their Vowels #1

Click here to take the quiz!

General Stats

  • This quiz has been taken 1,645 times
    (1,571 since last reset)
  • The average score is 21 of 24

Answer Stats

ConsonantsCountry% Correct
BRZLBrazil
98%
JPNJapan
97%
SWDNSweden
97%
TLYItaly
95%
NWZLNDNew Zealand
95%
YMNYemen
95%
BHMSBahamas
94%
PNMPanama
94%
MLYSMalaysia
93%
CNDCanada
92%
KZKHSTNKazakhstan
92%
RGNTNArgentina
91%
RSSRussia
91%
TWNTaiwan
91%
GRCGreece
90%
MLDVSMaldives
90%
CLMBColombia
87%
MLMali
85%
RQIraq
83%
LGRAlgeria
79%
SMSamoa
76%
STHKRSouth Korea
66%
NRNauru
65%
KRNUkraine
51%

Score Distribution

Percentile by Number Answered

Percent of People with Each Score

Your Score History

You have not taken this quiz since the last reset